Statistiques concernant Paroles - 10 ans de nous - Ben Mazué

Cliquez ici pour prendre le quiz!

Statistiques générales

  • Ce quiz a été pris 40 fois
  • Le résultat moyen est 256 sur 343

Statistiques - réponses

Réponse% Correct
100%
la
100%
Ça
96%
ça
96%
ce
96%
Ce
96%
je
96%
te
96%
vois
96%
à
93%
a
93%
À
93%
De
93%
de
93%
et
93%
être
93%
fois
93%
Que
93%
que
93%
se
93%
t'habiller
93%
celle
89%
culotte
89%
doit
89%
nous
89%
ou
89%
Si
89%
si
89%
10
85%
ans
85%
cette
85%
Choisir
85%
fait
85%
le
85%
ne
85%
on
85%
On
85%
par
85%
pas
85%
Pour
85%
pour
85%
en
81%
quelques
81%
vie
81%
au
78%
cause
78%
jeunesse
78%
louper
78%
malchance
78%
me
78%
mollesse
78%
n'a
78%
qu'on
78%
rendez-vous
78%
tout
78%
vraiment
78%
négligence
74%
passe
74%
t'abîmer
74%
vieilli
74%
C'est
70%
c'est
70%
devant
70%
encore
70%
mais
70%
Mais
70%
mes
70%
passée
70%
sent
70%
t'es
70%
yeux
70%
aller
67%
bout
67%
capable
67%
côté
67%
Deux
67%
deux
67%
enfants
67%
ensemble
67%
épatant
67%
est
67%
finalement
67%
l'on
67%
mieux
67%
Parce
67%
plus
67%
sera
67%
tant
67%
arrivé
63%
corps
63%
devait
63%
dis
63%
dit
63%
longtemps
63%
Même
63%
m'est
63%
paraît
63%
piges
63%
plis
63%
qui
63%
sur
63%
tard
63%
aimer
59%
devenu
59%
tellement
59%
déjà
56%
j'me
56%
l'est
56%
l’odyssée
56%
mémoire
56%
Moi
56%
perdu
56%
réussi
56%
serait
56%
s'est
56%
toi
56%
c'qui
52%
Des
52%
des
52%
douceur
52%
l'avenir
52%
passer
52%
trop
52%
agit
48%
aussi
48%
débuts
48%
doigts
48%
d'oublier
48%
Est-ce
48%
moins
48%
Oh
48%
tôt
48%
vient
48%
bien
44%
j'ai
44%
j'attends
44%
nos
44%
rougis
44%
souffrance
44%
tourments
44%
tresse
44%
lauriers
41%
rafraîchit
41%
espoirs
37%
crises
33%
n'exige
33%
700 000ème
30%
bonheurs
30%
brisent
30%
ranimé
30%
contemple
26%
essaye
26%
peur
26%
souffleurs
26%
coup
22%
tournant
22%
loups
19%
gardé
7%

Distribution des résultats

Percentile par nombre de réponses

% des personnes avec chaque résultat

Votre développement - résultats

Vous n’avez pas pris ce quiz